00502nam a2200145Ia 4500008004100000020001800041040001300059082001600072245011800088260004400206300002600250650004600276700001600322700001800338191130s1996##################000#0#eng## a9780714647395 aACLcACL a330.951 ROW aGreater China : political economy, inward investment, and business culturecedited by Chris Rowley and Mark Lewis aLondon ; Portland, ORbFrank Cassc1996 a133 p. : ill. ; 24 cm aChina -- Economic conditions -- 1976-2000 aLewis, Mark aRowley, Chris